[Event "Dortmund Sparkassen op-B"]
[Site "Dortmund"]
[Date "2014.07.12"]
[Round "1"]
[White "Luegger, Meinolf"]
[Black "Herrmann, Christoph"]
[Result "0-1"]
[WhiteElo "1552"]
[BlackElo "1935"]
[PlyCount "90"]
[EventDate "2014.07.12"]
[EventType "swiss"]
[EventRounds "9"]
[EventCountry "GER"]
[SourceTitle "EXT 2022"]
[Source "ChessBase"]
[SourceDate "2021.10.06"]
[SourceVersion "1"]
[SourceVersionDate "2021.10.06"]
[SourceQuality "1"]

1. d4 Nf6 2. Nf3 g6 3. Nc3 Bg7 4. e4 0-0 5. h3 d6 6. Be3 Nbd7 7. Be2 c6 8. a4 Qc7 9. 0-0 e5 10. dxe5 dxe5 11. Nd2 Rd8 12. Bc4 Nf8 13. Qe2 Ne6 14. Bxe6 Bxe6 15. Nb3 b6 16. Rfd1 Nh5 17. Rxd8+ Rxd8 18. Rd1 Nf4 19. Rxd8+ Qxd8 20. Bxf4 exf4 21. Qf3 Be5 22. Kf1 Qd6 23. Ke1 Qb4 24. Kd1 Bxb3 25. cxb3 Qxb3+ 26. Kc1 g5 27. Qd3 h6 28. f3 Bxc3 29. bxc3 Qxa4 30. Qd8+ Kg7 31. e5 Qa1+ 32. Kc2 Qa2+ 33. Kc1 Qe6 34. Qb8 Qb3 35. Qd6 Qxc3+ 36. Kd1 Qb3+ 37. Kc1 Qe6 38. Qc7 b5 39. Qb8 Qc4+ 40. Kb2 Qd4+ 41. Kb3 a5 42. Qc8 a4+ 43. Ka3 Qc3+ 44. Ka2 Qc2+ 45. Ka1 a3 0-1

[Event "Dortmund Sparkassen op-B"]
[Site "Dortmund"]
[Date "2013.08.01"]
[Round "6"]
[White "Raskin, Vitaly"]
[Black "Luegger, Meinolf"]
[Result "0-1"]
[WhiteElo "1691"]
[BlackElo "1475"]
[PlyCount "88"]
[EventDate "2013.07.27"]
[EventType "swiss"]
[EventRounds "9"]
[EventCountry "GER"]
[SourceTitle "EXT 2022"]
[Source "ChessBase"]
[SourceDate "2021.10.06"]
[SourceVersion "1"]
[SourceVersionDate "2021.10.06"]
[SourceQuality "1"]

1. Nf3 Nf6 2. c4 c5 3. Nc3 g6 4. g3 Bg7 5. Bg2 0-0 6. 0-0 d6 7. d4 cxd4 8. Nxd4 Qc7 9. Qb3 a6 10. e3 Nc6 11. Nd5 Nxd5 12. Nxc6 bxc6 13. cxd5 cxd5 14. Qxd5 Rb8 15. Qd2 Be6 16. a4 Rfc8 17. Ra3 Qb6 18. Bd5 Bxd5 19. Qxd5 Rc5 20. Qe4 e6 21. b3 d5 22. Qf3 Rbc8 23. Bd2 Rc2 24. Rd1 Qd6 25. b4 a5 26. Rb3 axb4 27. Bxb4 Qc6 28. a5 Qa4 29. Rdb1 Rc1+ 30. Be1 Rxe1+ 31. Rxe1 Qxb3 32. Qe2 Ra8 33. a6 Qa4 34. e4 dxe4 35. Qg4 Qxa6 36. Qxe4 Qa4 37. Qb7 Qe8 38. Kg2 Rb8 39. Qc7 Qd8 40. Qf4 Qd5+ 41. Kh3 Rb5 42. Qc7 Qf3 43. Qd8+ Bf8 44. Qd4 Rh5+ 0-1

[Event "Dortmund Sparkassen op-B"]
[Site "Dortmund"]
[Date "2012.07.17"]
[Round "4"]
[White "Stratmann, Alois"]
[Black "Luegger, Meinolf"]
[Result "1/2-1/2"]
[WhiteElo "1311"]
[BlackElo "1502"]
[PlyCount "47"]
[EventDate "2012.07.14"]
[EventType "swiss"]
[EventRounds "9"]
[EventCountry "GER"]
[SourceTitle "EXT 2014"]
[Source "ChessBase"]
[SourceDate "2013.11.20"]
[SourceVersion "1"]
[SourceVersionDate "2013.11.20"]
[SourceQuality "1"]

1. c4 c5 2. Nc3 g6 3. Nf3 Nf6 4. g3 Bg7 5. Bg2 d6 6. 0-0 0-0 7. d3 Nc6 8. a3 Rb8 9. Rb1 a6 10. Bf4 e5 11. Bg5 h6 12. Bxf6 Bxf6 13. Nd2 Bg7 14. e3 Bf5 15. Nf3 g5 16. e4 Be6 17. Nd5 b5 18. b3 Qd7 19. Re1 Rb7 20. Nc3 Rfb8 21. cxb5 axb5 22. Nd5 f5 23. Qd2 Kh8 24. b4 1/2-1/2

[Event "Dortmund Sparkassen op-B"]
[Site "Dortmund"]
[Date "2012.07.16"]
[Round "3"]
[White "Luegger, Meinolf"]
[Black "Gawronski, Erik"]
[Result "1/2-1/2"]
[WhiteElo "1502"]
[BlackElo "1224"]
[PlyCount "36"]
[EventDate "2012.07.14"]
[EventType "swiss"]
[EventRounds "9"]
[EventCountry "GER"]
[SourceTitle "EXT 2014"]
[Source "ChessBase"]
[SourceDate "2013.11.20"]
[SourceVersion "1"]
[SourceVersionDate "2013.11.20"]
[SourceQuality "1"]

1. d4 d5 2. Nf3 Nf6 3. e3 Bf5 4. Bd3 Bxd3 5. cxd3 e6 6. 0-0 g6 7. b3 Bg7 8. Nbd2 Nc6 9. Bb2 0-0 10. Ne5 Ne7 11. f4 Nd7 12. Qg4 Nf5 13. Qe2 f6 14. Nxd7 Qxd7 15. g4 Ne7 16. Rac1 Nc6 17. h3 e5 18. dxe5 fxe5 1/2-1/2

[Event "Dortmund Sparkassen op-B"]
[Site "Dortmund"]
[Date "2011.07.28"]
[Round "6"]
[White "Luegger, Meinolf"]
[Black "Kartsev, Nikolaj"]
[Result "0-1"]
[WhiteElo "1404"]
[BlackElo "1070"]
[PlyCount "82"]
[EventDate "2011.07.23"]
[EventType "swiss"]
[EventRounds "9"]
[EventCountry "GER"]
[SourceTitle "EXT 2013"]
[Source "ChessBase"]
[SourceDate "2012.11.22"]
[SourceVersion "1"]
[SourceVersionDate "2012.11.22"]
[SourceQuality "1"]

1. c4 e5 2. Nc3 Nf6 3. g3 Bb4 4. Qc2 d6 5. Bg2 0-0 6. a3 Bxc3 7. Qxc3 e4 8. e3 Be6 9. d4 c6 10. b3 Nbd7 11. Bb2 Rc8 12. Qd2 b6 13. Ne2 d5 14. Rc1 c5 15. Nf4 cxd4 16. Bxd4 Nc5 17. Bxc5 Rxc5 18. Nxe6 fxe6 19. 0-0 Rf7 20. b4 Rcc7 21. Rc2 Rfd7 22. Qc1 Qc8 23. c5 Rd6 24. Qb2 Rdc6 25. Rfc1 Nd7 26. Bf1 bxc5 27. b5 Rb6 28. a4 a5 29. Qa3 e5 30. Bh3 c4 31. Qc3 Qe8 32. Qxa5 Rbb7 33. Bxd7 Qxd7 34. Qc3 d4 35. Qa1 d3 36. Rd2 Rc5 37. Qa3 Qc7 38. Qc3 Ra7 39. Ra1 Qa5 40. Qxa5 Rxa5 41. b6 Rcb5 0-1

[Event "Dortmund Sparkassen op-B"]
[Site "Dortmund"]
[Date "2011.07.27"]
[Round "5"]
[White "Atkins, David"]
[Black "Luegger, Meinolf"]
[Result "1-0"]
[WhiteElo "1160"]
[BlackElo "1404"]
[PlyCount "152"]
[EventDate "2011.07.23"]
[EventType "swiss"]
[EventRounds "9"]
[EventCountry "GER"]
[SourceTitle "EXT 2013"]
[Source "ChessBase"]
[SourceDate "2012.11.22"]
[SourceVersion "1"]
[SourceVersionDate "2012.11.22"]
[SourceQuality "1"]

1. e4 c5 2. Nf3 g6 3. Bc4 Bg7 4. c3 e6 5. d3 Nc6 6. Be3 d6 7. Nbd2 Nge7 8. h3 0-0 9. Qb3 Na5 10. Qc2 Nxc4 11. Nxc4 b5 12. Ncd2 Bb7 13. d4 cxd4 14. cxd4 Qd7 15. 0-0 f5 16. g3 fxe4 17. Nh2 Rfc8 18. Qd1 Nf5 19. Nb3 a5 20. g4 Nxe3 21. fxe3 Bh6 22. Qe1 a4 23. Nd2 Rc2 24. Rb1 Bd5 25. a3 Rac8 26. Qf2 Rf8 27. Qe1 Rxf1+ 28. Nhxf1 Bb7 29. Qh4 Bg7 30. g5 d5 31. b3 Bc6 32. bxa4 e5 33. axb5 Bb7 34. dxe5 Bxe5 35. Rd1 Qxb5 36. Rb1 Qc6 37. Qe1 Bc8 38. h4 Qe6 39. Qf2 Rc7 40. Nh2 Rf7 41. Qg2 Bd6 42. a4 Bc5 43. Re1 Qb6 44. Ndf1 Kg7 45. Kh1 Qe6 46. Rc1 Ba7 47. Rd1 Qf5 48. Rd2 Rc7 49. Rf2 Qh3 50. Qxh3 Bxh3 51. Kg1 Rc1 52. Re2 Kf7 53. Kf2 Bd7 54. Rb2 Rc7 55. a5 Ba4 56. Kg3 Ke6 57. Ng4 Bc6 58. Rc2 Kd6 59. Nf6 Rf7 60. Nh2 Ba4 61. Re2 Bb5 62. Rf2 Re7 63. Nhg4 Bd7 64. Nxd7 Kxd7 65. Nf6+ Kd6 66. Kf4 Re5 67. Re2 Rf5+ 68. Kg4 Rf3 69. h5 Bxe3 70. hxg6 hxg6 71. a6 Rf4+ 72. Kg3 Rf1 73. Rxe3 Rg1+ 74. Kf2 Rxg5 75. a7 Rf5+ 76. Ke2 d4 1-0

[Event "Dortmund Sparkassen op-B"]
[Site "Dortmund"]
[Date "2011.07.26"]
[Round "4"]
[White "Luegger, Meinolf"]
[Black "Schicktanz, Florian"]
[Result "0-1"]
[WhiteElo "1404"]
[BlackElo "1577"]
[PlyCount "26"]
[EventDate "2011.07.23"]
[EventType "swiss"]
[EventRounds "9"]
[EventCountry "GER"]
[SourceTitle "EXT 2013"]
[Source "ChessBase"]
[SourceDate "2012.11.22"]
[SourceVersion "1"]
[SourceVersionDate "2012.11.22"]
[SourceQuality "1"]

1. e4 c5 2. Nc3 Nc6 3. f4 e6 4. Nf3 d5 5. Bb5 d4 6. Bxc6+ bxc6 7. Na4 Nf6 8. e5 Nd5 9. 0-0 d3 10. g3 dxc2 11. Qxc2 Nb4 12. Qe4 Ba6 13. a3 Bd3 0-1

[Event "Dortmund Sparkassen op-B"]
[Site "Dortmund"]
[Date "2011.07.25"]
[Round "3"]
[White "Sohraby, Darjusch"]
[Black "Luegger, Meinolf"]
[Result "0-1"]
[WhiteElo "925"]
[BlackElo "1404"]
[PlyCount "38"]
[EventDate "2011.07.23"]
[EventType "swiss"]
[EventRounds "9"]
[EventCountry "GER"]
[SourceTitle "EXT 2013"]
[Source "ChessBase"]
[SourceDate "2012.11.22"]
[SourceVersion "1"]
[SourceVersionDate "2012.11.22"]
[SourceQuality "1"]

1. d4 Nf6 2. c4 e6 3. e3 Bb4+ 4. Bd2 Bxd2+ 5. Nxd2 b6 6. Ngf3 Bb7 7. Bd3 c5 8. Nb3 d6 9. Qc2 Nbd7 10. Nbd2 0-0 11. 0-0 Qe7 12. Ng5 h6 13. Nge4 Nxe4 14. Nxe4 f5 15. Nd2 Qg5 16. e4 cxd4 17. Nf3 Qf6 18. exf5 exf5 19. Be2 g5 0-1

[Event "Dortmund Sparkassen op-B"]
[Site "Dortmund"]
[Date "2011.07.24"]
[Round "2"]
[White "Luegger, Meinolf"]
[Black "Heldt, Maximilian"]
[Result "0-1"]
[WhiteElo "1404"]
[BlackElo "1653"]
[PlyCount "92"]
[EventDate "2011.07.23"]
[EventType "swiss"]
[EventRounds "9"]
[EventCountry "GER"]
[SourceTitle "EXT 2013"]
[Source "ChessBase"]
[SourceDate "2012.11.22"]
[SourceVersion "1"]
[SourceVersionDate "2012.11.22"]
[SourceQuality "1"]

1. e4 c5 2. Nf3 Nc6 3. c3 e6 4. d4 cxd4 5. cxd4 Bb4+ 6. Nc3 Nf6 7. Bd3 d5 8. e5 Ne4 9. Bd2 Nxd2 10. Qxd2 a6 11. 0-0 Bd7 12. a3 Ba5 13. b4 Bb6 14. Bc2 f6 15. Na4 Bc7 16. Nc5 Bc8 17. Ba4 b5 18. Bb3 0-0 19. Rac1 fxe5 20. Nxe6 Bxe6 21. Rxc6 Qd7 22. Rfc1 Rac8 23. Nxe5 Bxe5 24. Rxc8 Bxh2+ 25. Kxh2 Qd6+ 26. Kg1 Bxc8 27. Qg5 Be6 28. Qe5 Qxe5 29. dxe5 Rf5 30. Re1 Kf7 31. f3 h5 32. Kf2 Ke7 33. Kg3 g5 34. Bc2 Rf4 35. Bg6 h4+ 36. Kf2 Rc4 37. Re3 g4 38. fxg4 Bxg4 39. e6 Bxe6 40. Bh7 Kd6 41. Bg6 d4 42. Re4 d3 43. Rxc4 bxc4 44. Bh7 Kc6 45. Bg6 Kb6 46. Be8 c3 0-1

[Event "Dortmund Sparkassen op-B"]
[Site "Dortmund"]
[Date "2010.07.25"]
[Round "9"]
[White "Luegger, Meinolf"]
[Black "Schaller, Fabian"]
[Result "0-1"]
[WhiteElo "1543"]
[BlackElo "1910"]
[PlyCount "112"]
[EventDate "2010.07.17"]
[EventType "swiss"]
[EventRounds "9"]
[EventCountry "GER"]
[SourceTitle "EXT 2014"]
[Source "ChessBase"]
[SourceDate "2013.11.20"]
[SourceVersion "1"]
[SourceVersionDate "2013.11.20"]
[SourceQuality "1"]

1. e4 e6 2. d4 d5 3. Nc3 dxe4 4. Nxe4 Nd7 5. Nf3 Ngf6 6. Bd3 b6 7. 0-0 Bb7 8. Qe2 Be7 9. c3 0-0 10. b3 c5 11. Bb2 Rc8 12. Rad1 Qc7 13. Bb1 c4 14. Nxf6+ Nxf6 15. bxc4 Qxc4 16. Qxc4 Rxc4 17. Bd3 Rc7 18. Ne5 Rfc8 19. c4 Ba6 20. h3 Nd7 21. Nxd7 Rxd7 22. Rc1 Bf6 23. Rfd1 Rcd8 24. Bf1 Bxd4 25. Bxd4 h6 26. c5 Bxf1 27. c6 Rxd4 28. Rxd4 Rxd4 29. Kxf1 Rd8 30. a4 Kf8 31. a5 bxa5 32. Rc5 Rc8 33. Rxa5 Rc7 34. Ra6 Ke7 35. Ke2 Kd6 36. Ra3 Kxc6 37. Kd3 Kb5 38. Rb3+ Ka4 39. Rb8 a5 40. Rb6 Ka3 41. Rb8 a4 42. Rb6 Ka2 43. Rb4 a3 44. Rb5 Rc1 45. Rb7 Rb1 46. Rxf7 Rb3+ 47. Kc2 Rb6 48. Rc7 Rb5 49. Kc1 Rg5 50. g4 Re5 51. Rc2+ Kb3 52. Rc7 Re4 53. Rb7+ Rb4 54. Rxb4+ Kxb4 55. f4 Kc4 56. h4 Kd4 0-1

[Event "Dortmund Sparkassen op-B"]
[Site "Dortmund"]
[Date "2010.07.21"]
[Round "5"]
[White "Luegger, Meinolf"]
[Black "Lee, Matthias"]
[Result "0-1"]
[WhiteElo "1543"]
[BlackElo "1861"]
[PlyCount "102"]
[EventDate "2010.07.17"]
[EventType "swiss"]
[EventRounds "9"]
[EventCountry "GER"]
[SourceTitle "EXT 2014"]
[Source "ChessBase"]
[SourceDate "2013.11.20"]
[SourceVersion "1"]
[SourceVersionDate "2013.11.20"]
[SourceQuality "1"]

1. e4 e5 2. Nf3 Nf6 3. Nxe5 d6 4. Nf3 Nxe4 5. Nc3 Nxc3 6. dxc3 Be7 7. Be3 Nc6 8. Qd2 a5 9. Be2 0-0 10. 0-0 Bf6 11. Rad1 a4 12. h3 Be6 13. c4 Bxb2 14. Rb1 Qf6 15. Bg5 Qc3 16. Qxc3 Bxc3 17. Rxb7 Rfc8 18. Bd2 Bxd2 19. Nxd2 Nd4 20. Bd3 c5 21. c3 Nc6 22. Rb6 Ne7 23. Rb7 Nc6 24. Rb6 Ne5 25. Be2 Rd8 26. f4 Nd7 27. Rxd6 Nf6 28. Rxd8+ Rxd8 29. Rd1 Bf5 30. Kf2 Bc2 31. Ke1 Bxd1 32. Bxd1 a3 33. Bc2 Nh5 34. f5 Nf4 35. g3 Nd3+ 36. Kd1 Nf2+ 37. Kc1 Nxh3 38. Ne4 f6 39. Bb3 Rc8 40. Nd6 Rc6 41. Nb5 Ra6 42. Bc2 Kf7 43. Kd2 g6 44. g4 Nf2 45. fxg6+ hxg6 46. Bd1 Nxd1 47. Kxd1 Ra4 48. Ke2 Ke6 49. Ke3 Rxc4 50. Kd3 Rxg4 51. Nxa3 Ra4 0-1

[Event "Dortmund Sparkassen op-B"]
[Site "Dortmund"]
[Date "2010.07.19"]
[Round "3"]
[White "Luegger, Meinolf"]
[Black "Ziabari, Morteza"]
[Result "0-1"]
[WhiteElo "1543"]
[BlackElo "1935"]
[PlyCount "58"]
[EventDate "2010.07.17"]
[EventType "swiss"]
[EventRounds "9"]
[EventCountry "GER"]
[SourceTitle "EXT 2014"]
[Source "ChessBase"]
[SourceDate "2013.11.20"]
[SourceVersion "1"]
[SourceVersionDate "2013.11.20"]
[SourceQuality "1"]

1. e4 d6 2. d4 Nf6 3. Nc3 c6 4. h3 Nbd7 5. Be3 e5 6. Nf3 Qc7 7. a4 a5 8. Be2 Be7 9. 0-0 0-0 10. Nh4 Nxe4 11. Nf5 Ndf6 12. Nxe7+ Qxe7 13. Nxe4 Nxe4 14. dxe5 dxe5 15. c3 f5 16. Bc4+ Kh8 17. Bd3 Rd8 18. Qc2 Nd6 19. Bb6 Rf8 20. Rfd1 e4 21. Bf1 Nf7 22. c4 Be6 23. Qc3 f4 24. Bd4 Qg5 25. Kh2 c5 26. Qe1 cxd4 27. Qxe4 Qe5 28. Qxe5 Nxe5 29. Re1 Rf5 0-1

[Event "Dortmund Sparkassen op-B"]
[Site "Dortmund"]
[Date "2010.07.18"]
[Round "2"]
[White "Finke, Lara"]
[Black "Luegger, Meinolf"]
[Result "0-1"]
[WhiteElo "1315"]
[BlackElo "1543"]
[PlyCount "84"]
[EventDate "2010.07.17"]
[EventType "swiss"]
[EventRounds "9"]
[EventCountry "GER"]
[SourceTitle "EXT 2014"]
[Source "ChessBase"]
[SourceDate "2013.11.20"]
[SourceVersion "1"]
[SourceVersionDate "2013.11.20"]
[SourceQuality "1"]

1. e4 c5 2. Nf3 g6 3. d4 cxd4 4. Nxd4 Nc6 5. Be3 Bg7 6. Nc3 Nf6 7. f3 Qb6 8. Nf5 Qxb2 9. Nxg7+ Kf8 10. Bd2 Kxg7 11. Rb1 Qa3 12. Rb3 Qa5 13. Qc1 Re8 14. Be2 Nd4 15. Rb1 Nxe2 16. Kxe2 d6 17. Rd1 a6 18. Ke1 Qh5 19. Bf4 Qc5 20. Qe3 Qxe3+ 21. Bxe3 b5 22. g4 Nd7 23. Nd5 Rb8 24. h4 Ne5 25. Kf2 e6 26. Nf4 Nc4 27. Rh1 Rb7 28. g5 Rc7 29. Rbc1 Bd7 30. Ne2 Rec8 31. c3 Kg8 32. h5 Ne5 33. Kg3 b4 34. cxb4 Rc2 35. Rxc2 Rxc2 36. Nc1 Rc3 37. Kf2 Nc4 38. Bd4 Rc2+ 39. Kg3 e5 40. Ba7 gxh5 41. Kh4 Nd2 42. Kg3 Rc3 0-1

[Event "Dortmund Sparkassen op-B"]
[Site "Dortmund"]
[Date "2010.07.17"]
[Round "1"]
[White "Luegger, Meinolf"]
[Black "Rohovoy, Dimitrij"]
[Result "0-1"]
[WhiteElo "1543"]
[BlackElo "1990"]
[PlyCount "114"]
[EventDate "2010.07.17"]
[EventType "swiss"]
[EventRounds "9"]
[EventCountry "GER"]
[SourceTitle "EXT 2014"]
[Source "ChessBase"]
[SourceDate "2013.11.20"]
[SourceVersion "1"]
[SourceVersionDate "2013.11.20"]
[SourceQuality "1"]

1. e4 c5 2. Nc3 Nc6 3. f4 e6 4. Nf3 Be7 5. Bb5 Qb6 6. 0-0 Nd4 7. Bc4 a6 8. d3 d6 9. Ne2 Nf6 10. Kh1 d5 11. exd5 exd5 12. Nexd4 dxc4 13. Ne2 cxd3 14. Qxd3 0-0 15. Qb3 Qc7 16. c4 Be6 17. Ng5 Bg4 18. Ng3 h6 19. h3 Bd7 20. N5e4 Bc6 21. Nxf6+ Bxf6 22. Be3 b6 23. Nh5 Bh4 24. Qc3 f6 25. f5 Rfe8 26. Kg1 Qe7 27. Bf2 Qe4 28. Qf3 Qxf3 29. gxf3 Bxf2+ 30. Kxf2 Re5 31. Ng3 Rae8 32. Rfe1 Rxe1 33. Rxe1 Rxe1 34. Kxe1 Bxf3 35. Kf2 Bc6 36. Ke3 Kf7 37. Ne2 g6 38. fxg6+ Kxg6 39. Kf4 Bg2 40. Kg3 Be4 41. Nc3 Bc6 42. Kf4 b5 43. b3 b4 44. Nd1 f5 45. Ne3 Be4 46. Ke5 Bb1 47. Kd6 Bxa2 48. Kxc5 a5 49. Kb6 Bxb3 50. c5 Be6 51. Kxa5 b3 52. Nd1 f4 53. Kb4 f3 54. Kc3 Kg5 55. Nf2 Kf4 56. c6 Ke3 57. Ng4+ Bxg4 0-1

[Event "Dortmund Sparkassen op-B"]
[Site "Dortmund"]
[Date "2008.07.06"]
[Round "9"]
[White "Luegger, Meinolf"]
[Black "Wickenfeld, Udo"]
[Result "1-0"]
[WhiteElo "1580"]
[BlackElo "1290"]
[PlyCount "151"]
[EventDate "2008.06.30"]
[EventType "swiss"]
[EventRounds "9"]
[EventCountry "GER"]
[SourceTitle "EXT 2022"]
[Source "ChessBase"]
[SourceDate "2021.10.06"]
[SourceVersion "1"]
[SourceVersionDate "2021.10.06"]
[SourceQuality "1"]

1. e4 c5 2. Nc3 d6 3. f4 g6 4. Nf3 Nc6 5. Bb5 Bd7 6. d3 a6 7. Bc4 Na5 8. Bb3 Nxb3 9. axb3 Bg7 10. 0-0 e6 11. Qe1 h6 12. Nd1 Nf6 13. c4 Qc7 14. e5 dxe5 15. Nxe5 Bc8 16. Bd2 0-0 17. b4 cxb4 18. Bxb4 Re8 19. Qf2 Nd7 20. Bc3 f6 21. Nxg6 Kh7 22. Nh4 Rg8 23. Qc2 Nf8 24. c5 f5 25. Bxg7 Rxg7 26. Ne3 Qe7 27. Nf3 Ng6 28. Ne5 Nxe5 29. fxe5 Qg5 30. Qf2 Bd7 31. Qf4 Qg6 32. Rf3 Bc6 33. Rg3 Qf7 34. Rxg7+ Qxg7 35. Rd1 Rg8 36. Rd2 Qc7 37. g3 Qa5 38. b4 Qa1+ 39. Rd1 Qb2 40. Rf1 Rg4 41. Qf2 Qxf2+ 42. Kxf2 Rxb4 43. Rc1 a5 44. Ke2 a4 45. Nc4 Rb5 46. d4 Rb4 47. Rc3 Bb5 48. Kd3 Rb1 49. Kc2 Rh1 50. Kb2 Rxh2+ 51. Ka3 Bc6 52. Na5 Rd2 53. Nxc6 bxc6 54. Kxa4 Rxd4+ 55. Ka5 Rd5 56. Kb6 Rxe5 57. Kxc6 Rd5 58. Re3 Rd4 59. Rxe6 Kg7 60. Rd6 Rg4 61. Kd7 Rxg3 62. c6 Rc3 63. c7 Rxc7+ 64. Kxc7 f4 65. Rd4 Kg6 66. Rxf4 Kg5 67. Rf8 h5 68. Kd6 Kg4 69. Ke5 h4 70. Ke4 Kg3 71. Ke3 h3 72. Rg8+ Kh2 73. Kf3 Kh1 74. Kg3 h2 75. Re8 Kg1 76. Re1# 1-0

[Event "Dortmund Sparkassen op-B"]
[Site "Dortmund"]
[Date "2008.07.01"]
[Round "2"]
[White "Weber, Kian"]
[Black "Luegger, Meinolf"]
[Result "1-0"]
[WhiteElo "1384"]
[BlackElo "1580"]
[PlyCount "37"]
[EventDate "2008.06.30"]
[EventType "swiss"]
[EventRounds "9"]
[EventCountry "GER"]
[SourceTitle "EXT 2022"]
[Source "ChessBase"]
[SourceDate "2021.10.06"]
[SourceVersion "1"]
[SourceVersionDate "2021.10.06"]
[SourceQuality "1"]

1. d4 Nf6 2. Bf4 e6 3. c4 c5 4. e3 Be7 5. Nc3 a6 6. Nf3 0-0 7. Bd3 cxd4 8. exd4 d5 9. a4 dxc4 10. Bxc4 Nd5 11. Bxd5 exd5 12. Qb3 Qa5 13. Qxd5 Bb4 14. Qxa5 Bxa5 15. 0-0 Nc6 16. Rad1 Bg4 17. d5 Bxf3 18. gxf3 Bxc3 19. dxc6 1-0

[Event "Dortmund op-B"]
[Site "Dortmund"]
[Date "2007.06.29"]
[Round "7"]
[White "Gegner, Michael"]
[Black "Luegger, Meinolf"]
[Result "1-0"]
[WhiteElo "1510"]
[BlackElo "1610"]
[PlyCount "85"]
[EventDate "2007.06.22"]
[EventType "swiss"]
[EventRounds "9"]
[EventCountry "GER"]
[SourceTitle "EXT 2008"]
[Source "ChessBase"]
[SourceDate "2007.11.25"]
[SourceVersion "1"]
[SourceVersionDate "2007.11.25"]
[SourceQuality "1"]

1. d4 Nf6 2. Nc3 e6 3. e4 Bb4 4. Bd3 b6 5. a3 Bxc3+ 6. bxc3 Bb7 7. Qe2 d5 8. e5 Ne4 9. Qg4 Kf8 10. Ne2 h5 11. Qf4 c5 12. c4 dxc4 13. Bxe4 Bxe4 14. Qxe4 Qd5 15. Qe3 cxd4 16. Qxd4 Qxd4 17. Nxd4 Nd7 18. Nf3 f6 19. exf6 gxf6 20. 0-0 Kf7 21. Bb2 Rhg8 22. Rad1 Rad8 23. Rd4 b5 24. Rfd1 Ke8 25. Rd6 Ke7 26. Ra6 Ra8 27. Bd4 Rgd8 28. Rxa7 Rxa7 29. Bxa7 Ra8 30. Bd4 Rxa3 31. Rb1 e5 32. Be3 Ke6 33. g3 Ra2 34. Ne1 f5 35. Rxb5 h4 36. gxh4 f4 37. Bd2 f3 38. h5 e4 39. h6 Ra8 40. Rg5 c3 41. Bxc3 Rf8 42. h7 Nf6 43. Bxf6 1-0

[Event "Dortmund op-B"]
[Site "Dortmund"]
[Date "2007.06.23"]
[Round "2"]
[White "Luegger, Meinolf"]
[Black "Simon, Stefan"]
[Result "1-0"]
[WhiteElo "1610"]
[BlackElo "1000"]
[PlyCount "61"]
[EventDate "2007.06.22"]
[EventType "swiss"]
[EventRounds "9"]
[EventCountry "GER"]
[SourceTitle "EXT 2008"]
[Source "ChessBase"]
[SourceDate "2007.11.25"]
[SourceVersion "1"]
[SourceVersionDate "2007.11.25"]
[SourceQuality "1"]

1. e4 e5 2. Nf3 Nc6 3. d4 Nf6 4. d5 Nd4 5. Nxd4 exd4 6. Qxd4 Be7 7. e5 Nh5 8. g4 c5 9. dxc6 dxc6 10. Qxd8+ Bxd8 11. gxh5 0-0 12. Bd2 Re8 13. Bc3 Bg4 14. Be2 Bxe2 15. Kxe2 Ba5 16. b4 Bc7 17. f4 a5 18. Rd1 axb4 19. Bxb4 Ra4 20. Bd2 Rd4 21. Be3 Re4 22. Nc3 Rc4 23. Rd3 Ba5 24. Bd2 b5 25. a3 Re7 26. Ra2 Re8 27. Kf3 Rc5 28. Ne4 Rc4 29. Bxa5 f5 30. Nd6 Rd8 31. Bxd8 1-0

[Event "Dortmund Sparkassen op-B"]
[Site "Dortmund"]
[Date "2006.08.05"]
[Round "8"]
[White "Ruecker, Bastian"]
[Black "Luegger, Meinolf"]
[Result "0-1"]
[WhiteElo "1282"]
[BlackElo "1636"]
[PlyCount "86"]
[EventDate "2006.07.28"]
[EventType "swiss"]
[EventRounds "9"]
[EventCountry "GER"]
[SourceTitle "CBM 113 Extra"]
[Source "ChessBase"]
[SourceDate "2006.09.14"]
[SourceVersion "1"]
[SourceVersionDate "2006.09.14"]
[SourceQuality "1"]

1. e4 c6 2. d4 d5 3. Nc3 dxe4 4. Nxe4 Nd7 5. Ng5 Ngf6 6. Bc4 e6 7. Qe2 Nb6 8. N1f3 Nxc4 9. Qxc4 h6 10. Nh3 Qd5 11. Qxd5 exd5 12. Nf4 Bf5 13. c3 g5 14. Ne2 Ne4 15. Ng3 Nxg3 16. fxg3 f6 17. 0-0 Bd6 18. Nxg5 hxg5 19. Rxf5 Rf8 20. Bd2 Kd7 21. Re1 Rae8 22. Rxe8 Kxe8 23. Kf2 Ke7 24. h3 Rg8 25. g4 Kf7 26. g3 Kg6 27. Kg2 Re8 28. Kf3 Rh8 29. Kg2 Re8 30. Rf2 c5 31. h4 Re4 32. Kh3 gxh4 33. gxh4 cxd4 34. cxd4 Rxd4 35. Bc3 Rd3+ 36. Kg2 d4 37. Rd2 Rg3+ 38. Kf2 dxc3 39. bxc3 Be5 40. g5 Rxc3 41. gxf6 Bg3+ 42. Kf1 Bxh4 43. f7 Rf3+ 0-1

[Event "Dortmund Sparkassen op-B"]
[Site "Dortmund"]
[Date "2006.08.02"]
[Round "5"]
[White "Luegger, Meinolf"]
[Black "Gregoritsch, Manfred"]
[Result "0-1"]
[WhiteElo "1636"]
[BlackElo "1742"]
[PlyCount "96"]
[EventDate "2006.07.28"]
[EventType "swiss"]
[EventRounds "9"]
[EventCountry "GER"]
[SourceTitle "CBM 113 Extra"]
[Source "ChessBase"]
[SourceDate "2006.09.14"]
[SourceVersion "1"]
[SourceVersionDate "2006.09.14"]
[SourceQuality "1"]

1. d4 d5 2. Nf3 Nf6 3. e3 e6 4. Bd3 c5 5. b3 Nc6 6. Nbd2 Nb4 7. Be2 Bd7 8. a3 Qa5 9. Bb2 Na6 10. 0-0 Be7 11. Ne5 Qc7 12. f4 cxd4 13. exd4 0-0 14. Bd3 Bd6 15. Rf3 Bc6 16. Qe1 g6 17. Rh3 Rfc8 18. Qh4 Qd8 19. Ndf3 Bxe5 20. fxe5 Nh5 21. Qg4 Ng7 22. Rh6 Rc7 23. Bc1 Nf5 24. Bxf5 exf5 25. Qh3 f6 26. exf6 Qxf6 27. Bg5 Qg7 28. Bf4 Re7 29. Be5 Rxe5 30. Nxe5 Nc5 31. Qe3 Ne4 32. Rf1 Bb5 33. c4 dxc4 34. bxc4 Ba4 35. Rh4 Nd6 36. c5 Nb5 37. d5 Re8 38. Re1 Bc2 39. a4 Nc7 40. Rd4 Be4 41. Nf3 Bxf3 42. Qxe8+ Nxe8 43. Rb4 Bxd5 44. Rxe8+ Kf7 45. Rc8 Qa1+ 46. Kf2 Qa2+ 47. Ke1 Qxg2 48. Rh4 h5 0-1

[Event "Dortmund Sparkassen op-B"]
[Site "Dortmund"]
[Date "2006.08.01"]
[Round "4"]
[White "Beer, Markus"]
[Black "Luegger, Meinolf"]
[Result "1-0"]
[WhiteElo "1763"]
[BlackElo "1636"]
[PlyCount "72"]
[EventDate "2006.07.28"]
[EventType "swiss"]
[EventRounds "9"]
[EventCountry "GER"]
[SourceTitle "CBM 113 Extra"]
[Source "ChessBase"]
[SourceDate "2006.09.14"]
[SourceVersion "1"]
[SourceVersionDate "2006.09.14"]
[SourceQuality "1"]

1. e4 c6 2. d4 d5 3. Nc3 dxe4 4. Nxe4 Nd7 5. Ng5 Ngf6 6. Bc4 e6 7. c3 Bd6 8. Ne2 h6 9. Nf3 Qc7 10. Ng3 a6 11. 0-0 b5 12. Bd3 Nb6 13. Nd2 Bb7 14. Kh1 c5 15. dxc5 Bxc5 16. Nde4 Nxe4 17. Bxe4 Bxe4 18. Nxe4 Be7 19. Qg4 g5 20. Qf3 Nd5 21. Rd1 Rd8 22. a4 f5 23. Qh5+ Kf8 24. Nxg5 Bxg5 25. Bxg5 Kg7 26. Be3 Nf6 27. Qe2 Ng4 28. g3 Qc6+ 29. Kg1 e5 30. axb5 Rxd1+ 31. Rxd1 axb5 32. Qd3 Rf8 33. Qd7+ Qxd7 34. Rxd7+ Rf7 35. Rxf7+ Kxf7 36. h3 e4 1-0